Land and food (Record no. 80576)

MARC details
000 -LEADER
fixed length control field 00634nam a2200145 a 4500
008 - FIXED-LENGTH DATA ELEMENTS--GENERAL INFORMATION
fixed length control field 120416s1989 xx |||||||||||||| || u
050 ## - LIBRARY OF CONGRESS CALL NUMBER
Classification number SB 111 Tec
100 ## - MAIN ENTRY--PERSONAL NAME
Personal name Deller'e, Robert
245 10 - TITLE STATEMENT
Title Land and food
246 ## -
-- the challenge of sustainable agriculture in the tropics
260 ## - PUBLICATION, DISTRIBUTION, ETC.
Date of publication, distribution, etc. 1989
350 ## -
-- 0.00
995 ## -
-- MAIN LIBRARY OPEN ACCESS
-- 0.00
-- 719381
-- CBU-MAIN LIBRARY (Kitwe)
-- 3
-- 0.00
-- SB 111 Tec
-- 3
-- AVAILABLE
-- 013686
-- Main Library Open Access Collection
995 ## -
-- MAIN LIBRARY OPEN ACCESS
-- 0.00
-- 719383
-- CBU-MAIN LIBRARY (Kitwe)
-- 2
-- 0.00
-- SB 111 Tec
-- 2
-- AVAILABLE
-- 013685
-- Main Library Open Access Collection
999 ## -
-- 80576
-- 80576
Holdings
Withdrawn status Lost status Source of classification or shelving scheme Damaged status Not for loan Permanent Location Current Location Shelving location Date acquired Total Checkouts Full call number Barcode Date last seen Copy number Price effective from Koha item type
          CBU-MAIN LIBRARY, KITWE. CBU-MAIN LIBRARY, KITWE.   06/30/2023   SB 111 Tec 013686 06/30/2023 1 06/30/2023 MONOGRAPH
          CBU-MAIN LIBRARY, KITWE. CBU-MAIN LIBRARY, KITWE.   06/30/2023   SB 111 Tec 013685 06/30/2023 2 06/30/2023 MONOGRAPH